5HLuxD.jpg

KING HENRY VIII SENIOR AND PRIMARY SCHOOL LIBRARY OPAC

This hotel is haunted! / (Record no. 2433)

000 -LEADER
fixed length control field 01739cam a2200421 a 4500
001 - CONTROL NUMBER
control field 1621643
003 - CONTROL NUMBER IDENTIFIER
control field OSt
005 - DATE AND TIME OF LATEST TRANSACTION
control field 20230516102840.0
008 - FIXED-LENGTH DATA ELEMENTS--GENERAL INFORMATION
fixed length control field 190805s2018 nyuab c 000 1 eng d
010 ## - LIBRARY OF CONGRESS CONTROL NUMBER
LC control number 2012289592
020 ## - INTERNATIONAL STANDARD BOOK NUMBER
International Standard Book Number 9780545341028
Qualifying information (pbk.) :
040 ## - CATALOGING SOURCE
Original cataloging agency KML
Language of cataloging eng
Transcribing agency KML
Description conventions aacr2
Modifying agency KH8
041 1# - LANGUAGE CODE
Language code of text/sound track or separate title eng
Language code of original ita
042 ## - AUTHENTICATION CODE
Authentication code nbic
082 ## - DEWEY DECIMAL CLASSIFICATION NUMBER
Classification number FIC STI
100 1# - MAIN ENTRY--PERSONAL NAME
Personal name Stilton, Geronimo.
Relator term author
240 10 - UNIFORM TITLE
Uniform title Strano caso del Fantasma al Grand Hotel.
Language of a work English.
245 10 - TITLE STATEMENT
Title This hotel is haunted! /
Statement of responsibility, etc. Geronimo Stilton ; [illustrations by Valeria Turati ; translated by Julia Heim]
260 ## - PUBLICATION, DISTRIBUTION, ETC.
Place of publication, distribution, etc. New York :
Name of publisher, distributor, etc. Scholastic,
Date of publication, distribution, etc. 2018.
300 ## - PHYSICAL DESCRIPTION
Extent 109 p. :
Other physical details col. ill., col. maps ;
Dimensions 20 cm.
490 1# - SERIES STATEMENT
Series statement Geronimo Stilton ;
Volume/sequential designation 50.
500 ## - GENERAL NOTE
General note Lexile 570.
500 ## - GENERAL NOTE
General note Translation of: Strano caso del Fantasma al Grand Hotel.
520 ## - SUMMARY, ETC.
Summary, etc. "My friend Hercule Poirat and I were called to investigate mysterious events at the famouse Grand Hotel in New Mouse City. There was a ghost haunting the hotel and scaring guests! It was wearing clanking armor and carrying a ball and chain. I know that ghosts don't exist, but this was pretty spooky. Would Poirat and I be able to solve the mystery of the haunted hotel?"--P. [4] of cover.
521 8# - TARGET AUDIENCE NOTE
Target audience note RL3.
521 8# - TARGET AUDIENCE NOTE
Target audience note 007-010.
650 #0 - SUBJECT ADDED ENTRY--TOPICAL TERM
Topical term or geographic name entry element Stilton, Geronimo (Fictitious character)
Form subdivision Juvenile fiction.
650 #0 - SUBJECT ADDED ENTRY--TOPICAL TERM
Topical term or geographic name entry element Mice
Form subdivision Juvenile fiction.
650 #0 - SUBJECT ADDED ENTRY--TOPICAL TERM
Topical term or geographic name entry element Ghost stories.
650 #0 - SUBJECT ADDED ENTRY--TOPICAL TERM
Topical term or geographic name entry element Haunted hotels
Form subdivision Juvenile fiction.
650 #0 - SUBJECT ADDED ENTRY--TOPICAL TERM
Topical term or geographic name entry element Stilton, Geronimo (Fictitious character)
Form subdivision Fiction.
650 #0 - SUBJECT ADDED ENTRY--TOPICAL TERM
Topical term or geographic name entry element Mice
Form subdivision Fiction.
650 #0 - SUBJECT ADDED ENTRY--TOPICAL TERM
Topical term or geographic name entry element Ghosts
Form subdivision Fiction.
700 1# - ADDED ENTRY--PERSONAL NAME
Personal name Turati, Valeria.
Relator term ill
700 1# - ADDED ENTRY--PERSONAL NAME
Personal name Heim, Julia.
830 #0 - SERIES ADDED ENTRY--UNIFORM TITLE
Uniform title Geronimo Stilton ;
Volume/sequential designation 50.
942 ## - ADDED ENTRY ELEMENTS (KOHA)
Source of classification or shelving scheme
Koha item type Books - Fiction
Holdings
Withdrawn status Lost status Source of classification or shelving scheme Damaged status Not for loan Collection code Permanent Location Current Location Shelving location Date acquired Total Checkouts Full call number Barcode Date due Date last seen Date last checked out Price effective from Koha item type
          Fiction KH8 Primary School Library KH8 Primary School Library Fiction 2023-05-16 3 FIC STI KHPL000004179 2023-07-13 2023-06-22 2023-06-22 2023-05-16 Books - Fiction

Powered By KH8 IT Dept